[Event "Open"]
[Site "Lido Estensi ITA"]
[Date "2002.06.10"]
[Round "3"]
[White "Groffen,H"]
[Black "Ricci,A"]
[Result "1/2-1/2"]
[WhiteElo "2230"]
[BlackElo "2054"]

1.d4 Nf6 2.Bg5 d5 3.Bxf6 gxf6 4.c4 c6 5.e3 e6 6.Nc3 Nd7 7.cxd5 cxd5 8.Qa4 Be7
9.Nf3 a6 10.Bd3 Rb8 11.Qc2 h5 12.O-O f5 13.a4 b6 14.Qe2 Ra8 15.Na2 Bd6 16.Rfc1 Bb7
17.Rc2 h4 18.Rac1 Rg8 19.Qd2 Qf6 20.Rc7 Bxc7 21.Rxc7 Rb8 22.Nb4 Qd8 23.Rxb7 Rxb7
24.Bxa6 Rc7 25.Bb5 Kf8 26.Nc6 Qa8 27.Qb4+ Kg7 28.Qe7 Rxc6 29.Bxc6 Qxc6 30.Qg5+ Kf8
31.Qd8+  1/2-1/2

[Event "FSGM June"]
[Site "Budapest HUN"]
[Date "2002.06.11"]
[Round "11"]
[White "Sahovic,D"]
[Black "Erenburg,S"]
[Result "0-1"]
[WhiteElo "2371"]
[BlackElo "2450"]

1.d4 Nf6 2.Bg5 c5 3.d5 Qb6 4.Nc3 Qxb2 5.Bd2 Qb6 6.e4 e5 7.f4 d6 8.fxe5 dxe5
9.Nf3 Nbd7 10.Bd3 Bd6 11.Qe2 O-O 12.a4 a6 13.a5 Qd8 14.Na4 Ne8 15.O-O Rb8
16.Nb2 Be7 17.Nc4 Nd6 18.h3 Nxc4 19.Bxc4 h6 20.g4 Bd6 21.Qg2 b5 22.axb6 Nxb6
23.Bxa6 Bxa6 24.Rxa6 Qc8 25.Rfa1 c4 26.Be3 Bc5 27.Qd2 Bxe3+ 28.Qxe3 Nd7 29.Rc6 Qb7
30.Rxc4 Rfc8 31.Rxc8+ Rxc8 32.Rc1 Qb2 33.c4 Nc5 34.Qd2 Qb6 35.Qf2 Qd6 36.Qe3 Rb8
37.Kg2 Rb2+ 38.Kh1 Rb3 39.Qe2 Nd3 40.Rf1 Nf4 41.Qc2 Qa3 42.Qf2 Nxh3 43.Qg3 Ng5
44.Kg2 Rb2+ 45.Kg1 Qe3+ 46.Kh1 Nxe4 47.Qg1 Nf2+ 48.Kg2 Nxg4+ 49.Kg3 Qf4+
50.Kh3 Ne3 51.Rf2 Qf5+ 52.Kh4 Rxf2  0-1

[Event "Open"]
[Site "Lido Estensi ITA"]
[Date "2002.06.13"]
[Round "6"]
[White "Groffen,H"]
[Black "Burani,E"]
[Result "1-0"]
[WhiteElo "2230"]
[BlackElo "2072"]

1.d4 Nf6 2.Bg5 g6 3.Bxf6 exf6 4.c4 f5 5.Nc3 Bg7 6.g3 d6 7.Bg2 Nd7 8.e3 Nf6
9.Nge2 a6 10.O-O O-O 11.b4 Rb8 12.a4 Be6 13.Qd3 d5 14.c5 Qd7 15.Rfc1 Ra8
16.b5 Rfb8 17.h4 h5 18.Qc2 Bh6 19.Re1 Ne4 20.Rab1 Qe7 21.f4 f6 22.bxa6 bxa6
23.Rxb8+ Rxb8 24.Rb1 Qd8 25.a5 c6 26.Rb6 Rxb6 27.axb6 Qa8 28.Qb3 Bc8 29.Bxe4  1-0

[Event "Open"]
[Site "Velika Gorica CRO"]
[Date "2002.06.28"]
[Round "7"]
[White "Kovacevic,B"]
[Black "Kristovic,M"]
[Result "1/2-1/2"]
[WhiteElo "2461"]
[BlackElo "2328"]

1.d4 Nf6 2.Bg5 d5 3.e3 Nbd7 4.Nf3 e6 5.Bd3 Be7 6.c4 dxc4 7.Bxc4 a6 8.a4 b6
9.Nc3 Bb7 10.Qe2 Nd5 11.Bxd5 exd5 12.Bxe7 Qxe7 13.a5 O-O 14.O-O f5 15.Qc2 Rac8
16.Qb3 Kh8 17.Rfe1 g5 18.Rad1 b5 19.Ne2 Rg8 20.Nd2 Rg7 21.f4 c5 22.Ng3 Rf8
23.Nf3 g4 24.Ne5 c4 25.Qc2 Qe6 26.Qc3 Kg8 27.Qb4 Nf6 28.Ne2 h5 29.Nc3 Rc8
30.Kf2 h4 31.g3 Rcc7 32.Rh1 Nh5 33.Rdg1 Qf6 34.Ke1 h3 35.Kf2 Qe6 36.Rc1 Nf6
37.Rhd1 Rc8 38.Ke2 Nd7 39.Nxd7 Rxd7 40.Kd2 Kf7 41.Re1 Re7 42.Re2 Bc6 43.Kc2 Rb7
44.Kd2 Rcc7 45.Ke1 Qe7 46.Na2 Qe4 47.Nc3 Qe7 48.Na2 Qe4 49.Nc3  1/2-1/2

[Event "IV Shakkinet A"]
[Site "Helsinki FIN"]
[Date "2002.07.04"]
[Round "11"]
[White "Karttunen,M"]
[Black "Sammalvuo,T"]
[Result "0-1"]
[WhiteElo "2429"]
[BlackElo "2440"]

1.d4 Nf6 2.Bg5 d5 3.Bxf6 exf6 4.e3 Bd6 5.g3 c6 6.Bg2 f5 7.Ne2 Nd7 8.O-O h5
9.c4 dxc4 10.Nd2 Nb6 11.Nc3 Bb4 12.Re1 Kf8 13.a3 Be7 14.Rc1 h4 15.Ne2 hxg3
16.hxg3 Be6 17.Nf4 Bd5 18.Nxd5 cxd5 19.Nb1 Qd7 20.Nc3 Rd8 21.Rb1 Rh6 22.b4 Rd6
23.Bf3 Na8 24.Kg2 Nc7 25.Rh1 Bf6 26.g4 Bg5 27.Rh5 g6 28.Rh8+ Ke7 29.Rxd8 Kxd8
30.gxf5 gxf5 31.Qa4 Qxa4 32.Nxa4 Nb5 33.Nc5 Kc8 34.a4 Nc3 35.Rh1 b6 36.Na6 Nxa4
37.b5 Nc3 38.Nb4 Be7 39.Rh8+ Kd7 40.Kf1 Bd8 41.Bg2 Nxb5 42.Bxd5 Na3 43.Bxf7 a5
44.Be8+ Ke6 45.d5+ Ke5 46.Nc6+ Kxd5 47.Nxd8 c3 48.Bf7+ Ke4 49.Ke2 Rd2+ 50.Ke1 Nc2+
51.Kf1 Nxe3+ 52.fxe3 c2 53.Rh4+ Kxe3 54.Rh3+ Ke4 55.Rc3 Rd1+ 56.Ke2 c1=Q
57.Rxc1 Rxc1 58.Bh5 a4 59.Kd2 Rc8 60.Nb7 Kf4 61.Bd1 Rc7 62.Nd6 Rd7  0-1

[Event "XX Open"]
[Site "Andorra la Vella AND"]
[Date "2002.07.12"]
[Round "7"]
[White "Llobel Cortell,E"]
[Black "Zapata,A"]
[Result "0-1"]
[WhiteElo "2377"]
[BlackElo "2549"]

1.d4 Nf6 2.Bg5 c5 3.Nc3 Qa5 4.Bxf6 gxf6 5.e3 e6 6.Qh5 d5 7.O-O-O cxd4 8.exd4 Nc6
9.Kb1 Bd7 10.Nge2 Rc8 11.Qf3 Be7 12.Nf4 a6 13.g3 Nb4 14.a3 Nxc2 15.Kxc2 Ba4+
16.Kb1 Rxc3 17.bxc3 Qb6+ 18.Ka1 Bc2 19.c4 Qa5 20.Rd3 Qe1+ 21.Kb2 Qb1+ 22.Kc3 Bxa3
23.Kd2 Bb4+ 24.Rc3 Be4 25.Qd1  0-1

[Event "Open"]
[Site "Oberwart AUT"]
[Date "2002.07.12"]
[Round "8"]
[White "Elfert,A"]
[Black "Arwanitakis,M"]
[Result "0-1"]
[WhiteElo "2369"]
[BlackElo "2173"]

1.d4 Nf6 2.Bg5 c5 3.Bxf6 gxf6 4.dxc5 Na6 5.Nc3 Nxc5 6.e3 a6 7.Nf3 d6 8.Bc4 e6
9.Nd4 h5 10.h4 b5 11.Be2 b4 12.Nb1 Qa5 13.Nd2 Bb7 14.Bf3 Rh6 15.Bxb7 Nxb7
16.Qf3 Qc7 17.Ne4 f5 18.Ng5 d5 19.g3 Nd6 20.Rd1 Qa5 21.O-O Qxa2 22.c3 bxc3
23.bxc3 Qc4 24.Rb1 Qc7 25.c4 Nxc4 26.Rfc1 Rc8 27.Qd1 Qd7 28.Ra1 Ba3 29.Rxc4 dxc4
30.Qc2 Bf8 31.Rd1 Rd8 32.Ra1 Rc8 33.Rd1 Rd8 34.Ra1 Bg7 35.Rxa6 e5 36.Rxh6 Bxh6
37.Nxf5 Qd1+ 38.Qxd1 Rxd1+ 39.Kh2 c3  0-1

[Event "CAN&QC Open"]
[Site "Montreal CAN"]
[Date "2002.07.15"]
[Round "4"]
[White "Lawson,E"]
[Black "Buscar,M"]
[Result "1-0"]
[WhiteElo "2253"]
[BlackElo "2055"]

1.d4 d5 2.Bg5 Nf6 3.Bxf6 exf6 4.e3 c6 5.Nd2 Be6 6.g3 Be7 7.Bg2 Nd7 8.Ne2 Qb6
9.Rb1 O-O 10.Nf4 Rfe8 11.O-O Bf8 12.a3 Qa6 13.Re1 f5 14.c3 b5 15.Qc2 Rac8
16.h4 Qb7 17.Nf3 Qb8 18.Ng5 g6 19.h5 Bh6 20.Ngxe6 fxe6 21.hxg6 hxg6 22.Nxg6 Kf7
23.Nf4 Bxf4 24.exf4 Rh8 25.Re2 Rh6 26.Rbe1 Qd6 27.a4 a6 28.axb5 axb5 29.Ra1 Rch8
30.Ra7 Kf6 31.b3 Qe7 32.g4 fxg4 33.f5 Kg5 34.Re5 Nxe5 35.Rxe7 Nf3+ 36.Bxf3 gxf3
37.Qd2+ Kg4 38.Rg7+ Kxf5 39.Qg5+  1-0

[Event "EuJun"]
[Site "Baku AZE"]
[Date "2002.07.16"]
[Round "3"]
[White "Buckley,Si"]
[Black "Krupenski,Y"]
[Result "1-0"]
[WhiteElo "2237"]
[BlackElo "2240"]

1.d4 Nf6 2.Bg5 d5 3.Bxf6 exf6 4.e3 Bd6 5.g3 f5 6.Bg2 c6 7.Nd2 Nd7 8.Ne2 Nf6
9.O-O h5 10.c4 dxc4 11.Nxc4 Bc7 12.Qc2 h4 13.Rfd1 hxg3 14.hxg3 g6 15.Ne5 Kf8
16.Nf4 Kg7 17.b4 Qe7 18.Qb2 Ne4 19.Rac1 g5 20.Ne2 f6 21.Nd3 Be6 22.b5 Bd6
23.Rb1 Bd5 24.bxc6 bxc6 25.Qb7 Qxb7 26.Rxb7+ Kg6 27.Rb2 Rh7 28.Nc5 Bxc5 29.dxc5 Rah8
30.f3 Nxc5 31.Rc2 Na6 32.e4 fxe4 33.fxe4 Be6 34.Rxc6 Bg4 35.Rd2 Nb4 36.Rcd6 Bh3
37.a3 Bxg2 38.Kxg2 g4 39.Kf2 Re8 40.axb4 Rxe4 41.Nf4+ Kf5 42.R6d5+ Re5 43.Rxe5+ fxe5
44.Nd3 Rh2+ 45.Ke3 Rh3 46.Rg2 Rh1 47.Rf2+ Ke6 48.Ke4  1-0

[Event "TCh-POL Jun"]
[Site "Laczna POL"]
[Date "2002.07.18"]
[Round "6"]
[White "Zielinski,P"]
[Black "Kos,P"]
[Result "1/2-1/2"]
[WhiteElo "2289"]
[BlackElo "2220"]

1.d4 Nf6 2.Bg5 d5 3.Bxf6 exf6 4.e3 g6 5.Nf3 Bg7 6.Be2 O-O 7.O-O Nd7 8.b3 b6
9.c4 dxc4 10.bxc4 f5 11.a4 a5 12.Qc2 Bb7 13.Nc3 Qe7 14.Rfe1 Rfe8 15.Rac1 Nf6
16.Nd2 Rad8 17.Bf3 Ne4 18.Ncxe4 fxe4 19.Be2 c5 20.d5 Rd6 21.f3  1/2-1/2

[Event "CAN&QC Open"]
[Site "Montreal CAN"]
[Date "2002.07.21"]
[Round "10"]
[White "Lawson,E"]
[Black "Roy,Al"]
[Result "1-0"]
[WhiteElo "2253"]
[BlackElo "2051"]

1.d4 Nf6 2.Bg5 d5 3.Bxf6 exf6 4.e3 Bd6 5.g3 c6 6.Nd2 h5 7.Bg2 Bg4 8.Ne2 h4
9.a3 Qe7 10.c4 h3 11.Bf1 dxc4 12.Nxc4 Bc7 13.Qd3 b5 14.Nd2 Ba5 15.Nc3 Be6
16.Qc2 Bxc3 17.bxc3 Bd5 18.Rg1 Nd7 19.a4 b4 20.c4 Be6 21.Qe4 Rc8 22.d5 Nc5
23.Qd4 Bf5 24.g4 Bc2 25.g5 b3 26.Rc1 Qe5 27.Qxc5 Qb2 28.Rd1 Bxd1 29.Kxd1 Qc2+
30.Ke1 b2 31.gxf6 gxf6 32.Bxh3 f5 33.d6 Qc3 34.Qxf5  1-0

[Event "Wismilak It"]
[Site "Surabaya IND"]
[Date "2002.07.26"]
[Round "7"]
[White "Stefanova,A"]
[Black "Zaw Win Lay"]
[Result "1/2-1/2"]
[WhiteElo "2497"]
[BlackElo "2531"]

1.d4 Nf6 2.Bg5 g6 3.Bxf6 exf6 4.c4 Bg7 5.Nc3 O-O 6.e3 d6 7.g3 c6 8.Bg2 Re8
9.Nge2 Bg4 10.h3 Bxe2 11.Nxe2 f5 12.O-O Nd7 13.b4 a5 14.b5 Qc7 15.bxc6 bxc6
16.Qa4 Ra6 17.Rab1 Rb8 18.Nc3 Bf6 19.Kh2 Rxb1 20.Rxb1 h5 21.h4 f4 22.exf4 Bxd4
23.Nb5 Qb6 24.Qd1 Bxf2 25.Nxd6 Qd4 26.Qxd4 Bxd4 27.Rb7 Nf6 28.Bf3 c5 29.Nxf7 Rc6
30.Ng5 Rd6 31.Rb5 Ng4+ 32.Bxg4 hxg4 33.Rxa5 Rb6 34.Ra8+ Kg7 35.Ra7+ Kg8 36.a4 Rb2+
37.Kh1 Rc2 38.Rc7 Rxc4 39.Rc8+ Kg7 40.Ne6+ Kf6 41.Nxd4 Rxd4 42.Rxc5 Rd3 43.Kg2 Rd2+
44.Kf1 Rd3 45.Rc2 Ra3 46.Rc6+ Kf5 47.Kf2 Ra2+ 48.Ke1 Rxa4 49.Rc2 Ra3 50.Kf2 Rf3+
51.Kg2 Ra3 52.Rc5+ Ke4 53.Re5+ Kd3 54.Re1 Ra2+ 55.Kg1 Rb2 56.Kf1  1/2-1/2

[Event "Open A"]
[Site "Trier GER"]
[Date "2002.07.31"]
[Round "5"]
[White "Ionescu,D"]
[Black "Goriachnik,D"]
[Result "1-0"]
[WhiteElo "2450"]
[BlackElo "2223"]

1.d4 Nf6 2.Bg5 c5 3.Bxf6 gxf6 4.d5 Qb6 5.Qc1 Bg7 6.g3 f5 7.c3 Qf6 8.Bg2 d6
9.Nd2 Nd7 10.a4 b6 11.Nh3 h5 12.Qc2 h4 13.f4 hxg3 14.hxg3 Bb7 15.Nf1 Qg6
16.O-O-O O-O-O 17.e4 fxe4 18.Bxe4 Qf6 19.Ne3 e6 20.dxe6 Qxe6 21.Bxb7+ Kxb7
22.Nf5 Qa2 23.Nxg7 c4 24.b4 Qa3+ 25.Kd2 Nf6 26.Ra1 Qb3 27.Qxb3 cxb3 28.Rae1 d5
29.Ng5 Ne4+ 30.Nxe4 dxe4+ 31.Kc1 Rhg8 32.Nf5 Rd3 33.Kb2 Rc8 34.Rc1 e3 35.Rhe1 Re8
36.Rcd1 Rxd1 37.Rxd1 Kc6 38.Re1  1-0

[Event "FSIMB August"]
[Site "Budapest HUN"]
[Date "2002.08.04"]
[Round "2"]
[White "Reiss,T"]
[Black "Kende,G"]
[Result "1-0"]
[WhiteElo "2347"]
[BlackElo "2213"]

1.d4 Nf6 2.Bg5 d5 3.Bxf6 gxf6 4.c4 Nc6 5.e3 Bf5 6.Qb3 e6 7.Nc3 Na5 8.Qa4+ c6
9.c5 Be7 10.b4 Nc4 11.Bxc4 dxc4 12.b5 O-O 13.Qxc4 cxb5 14.Qxb5 b6 15.cxb6 Rb8
16.Nge2 Rxb6 17.Qa4 Qa8 18.O-O Kh8 19.Ng3 Bg6 20.Rac1 h5 21.h3 Rg8 22.d5 exd5
23.Rfd1 Rb4 24.Qd7 Rb7 25.Qxd5 Ba3 26.Qd4 Bxc1 27.Qxf6+ Kh7 28.Rxc1 Rc7 29.Rd1 Rc4
30.Rd6 Qb8 31.Nce2 Qb1+ 32.Kh2 Qe1 33.f4  1-0

[Event "6th Open"]
[Site "Genova ITA"]
[Date "2002.08.04"]
[Round "2"]
[White "Shaban,A"]
[Black "Bernago,F"]
[Result "1-0"]
[WhiteElo "2188"]
[BlackElo "2052"]

1.d4 Nf6 2.Bg5 c5 3.Bxf6 gxf6 4.d5 Qb6 5.Nd2 d6 6.e3 Qa5 7.c3 Bf5 8.e4 Bc8
9.f4 Nd7 10.Ngf3 Qc7 11.Nh4 b6 12.Qh5 f5 13.Nxf5 Nf6 14.Bb5+ Bd7 15.Qe2 a6
16.Bxd7+ Qxd7 17.Nc4 Rc8 18.g4 Qc7 19.g5 Nd7 20.e5 dxe5 21.fxe5 b5 22.Ncd6+  1-0

[Event "Open"]
[Site "Olomouc CZE"]
[Date "2002.08.05"]
[Round "6"]
[White "Johansson,Ja"]
[Black "Berezjuk,S"]
[Result "0-1"]
[WhiteElo "2401"]
[BlackElo "2430"]

1.d4 Nf6 2.Bg5 d5 3.Bxf6 exf6 4.e3 Bd6 5.c4 dxc4 6.Bxc4 f5 7.Nc3 c6 8.Qf3 g6
9.Nge2 O-O 10.h4 h5 11.O-O-O Nd7 12.Nf4 Kg7 13.Nd3 Nf6 14.Qe2 Qe7 15.Kb1 b5
16.Bb3 a5 17.Rc1 a4 18.Bd1 Be6 19.Qe1 Bc4 20.Be2 b4 21.Nd1 Bd5 22.Bf3 Ne4
23.Nf4 Bxf4 24.exf4 Qe6 25.Ka1 Bxa2 26.Bxe4 fxe4 27.f5 gxf5 28.Rh3 f6 29.Rg3+ Kf7
30.Qxb4 Rfb8 31.Qd2 a3 32.b3 Bxb3 33.Qh6 Rg8 34.Qh7+ Kf8 35.Rxc6 Qxc6 36.Qh6+ Ke7
37.Qh7+ Ke6  0-1

[Event "6th HZ Open"]
[Site "Vlissingen NED"]
[Date "2002.08.05"]
[Round "2"]
[White "Westerkamp,B"]
[Black "Van den Doel,E"]
[Result "0-1"]
[WhiteElo "2149"]
[BlackElo "2602"]

1.d4 Nf6 2.Bg5 d5 3.Bxf6 gxf6 4.e3 c5 5.c3 Nc6 6.g3 cxd4 7.cxd4 Qb6 8.Nc3 Qxb2
9.Nxd5 Kd8 10.Qc1 Qxc1+ 11.Rxc1 Bf5 12.f3 Rc8 13.Bh3 Bxh3 14.Nxh3 Bh6 15.Kf2 Kd7
16.Nhf4 Na5 17.Nd3 b6 18.Rhd1 Rc4 19.Rxc4 Nxc4 20.Rc1 Rc8 21.f4 Bg7 22.Ke2 e6
23.Nc3 h5 24.Ne4 f5 25.Ng5 f6 26.Nf3 Nd6 27.Rxc8 Nxc8 28.Nf2 Nd6 29.Kd3 Kc6
30.e4 fxe4+ 31.Nxe4 Nxe4 32.Kxe4 f5+ 33.Kd3 Kd5 34.h3 b5 35.Ng5 a5 36.Nf3 b4
37.h4 a4 38.Ne5 Bxe5 39.dxe5 Kc5 40.Kd2 Kd4  0-1

[Event "FSFM August"]
[Site "Budapest HUN"]
[Date "2002.08.06"]
[Round "4"]
[White "Hoang,T"]
[Black "Sallai,K"]
[Result "0-1"]
[WhiteElo "2099"]
[BlackElo "2175"]

1.d4 Nf6 2.Bg5 c5 3.Bxf6 exf6 4.dxc5 Bxc5 5.e3 O-O 6.Be2 f5 7.Nf3 f4 8.exf4 Qb6
9.O-O Qxb2 10.Nbd2 Nc6 11.Nb3 Bb6 12.Qd2 Qf6 13.Ne1 d5 14.Nd3 a5 15.Bf3 Rd8
16.Rfe1 a4 17.Qe2 g6 18.Nd2 Ba5 19.Kh1 Bf5 20.Qd1 Bxd3 21.cxd3 Qxf4 22.Re3 Bb6
23.Re2 Ne5 24.g3 Qd4 25.Kg2 Rac8 26.Qf1 Nxd3 27.Rd1 Nb2 28.Rb1 a3 29.Nb3 Qf6
30.Rbe1 Nd3 31.Rd1 Ne5 32.Bxd5 Rxd5 33.f4 Rxd1 34.Qxd1 Qc6+  0-1

[Event "Open"]
[Site "Davos SUI"]
[Date "2002.08.08"]
[Round "5"]
[White "Hort,V"]
[Black "Goldstern,F"]
[Result "1-0"]
[WhiteElo "2534"]
[BlackElo "2372"]

1.d4 Nf6 2.Bg5 c5 3.d5 Ne4 4.Bf4 Qb6 5.Qc1 c4 6.e3 Qa5+ 7.Nd2 c3 8.bxc3 Nxc3
9.d6 exd6 10.Ngf3 d5 11.a3 Nc6 12.Nb3 Qb6 13.Qd2 Ne4 14.Qxd5 Nf6 15.Qd3 d5
16.Be2 Be7 17.O-O O-O 18.Nbd4 Nxd4 19.Nxd4 Bd6 20.Rab1 Qc5 21.Bxd6 Qxd6 22.Bf3 b6
23.h3 Bd7 24.Rfd1 Rfc8  1-0

[Event "Juventus"]
[Site "Bucharest ROM"]
[Date "2002.08.09"]
[Round "5"]
[White "Grigore,Ge"]
[Black "Gheng,J"]
[Result "1/2-1/2"]
[WhiteElo "2486"]
[BlackElo "2373"]

1.d4 Nf6 2.Bg5 c5 3.Bxf6 exf6 4.c3 d5 5.e3 Nc6 6.Nd2 Be7 7.dxc5 Bxc5 8.Nb3 Bb6
9.Ne2 O-O 10.Nf4 Be6 11.Be2 Qd7 12.O-O Rad8 13.Qd2 Ne5 14.Rfd1 a6 15.Nd4 Rfe8
16.Qc2 Qc8 17.h3 g6 18.Rd2 Bc7 19.Rad1 Bb8 20.Nf3 Qc6 21.Nxe6 fxe6 22.e4 Qc7
23.g3 Ba7 24.Nxe5 Qxe5 25.Kg2 d4 26.cxd4 Rxd4 27.Rxd4 Bxd4 28.f4 Qd6 29.Qc4 Rd8
30.f5 b5 31.Qxe6+ Qxe6 32.fxe6 Kf8 33.h4 Ke7 34.Bg4 Bxb2 35.Rxd8 Kxd8 36.Bd1 Ke7
37.Bb3 a5 38.Bd5 Kd6 39.Kf3 Bc3 40.g4 Bb4 41.h5 Bd2 42.hxg6 hxg6 43.Ke2 Bg5
44.e7 Kxe7 45.Kd3 Bh4 46.Bc6 b4 47.Kc4 Be1 48.Kb3 Kf7 49.a3 Kg7 50.axb4 axb4
51.Be8 g5 52.Bd7 Kf7 53.Bf5 Ke7 54.Bc8 Kd6 55.Bf5 Ke5 56.Bc8  1/2-1/2

[Event "Open"]
[Site "Davos SUI"]
[Date "2002.08.09"]
[Round "6"]
[White "Curien,N"]
[Black "Hobuss,W"]
[Result "1/2-1/2"]
[WhiteElo "2195"]
[BlackElo "2123"]

1.d4 Nf6 2.Bg5 d5 3.e3 c6 4.Bd3 Bg4 5.Nf3 Nbd7 6.h3 Bh5 7.Bf4 e6 8.O-O Ne4
9.Nbd2 Ndf6 10.Qe1 Bd6 11.Bxd6 Qxd6 12.Ne5 O-O 13.f3 Nxd2 14.Qxd2 c5 15.c3 Rac8
16.f4 Bg6 17.Bxg6 hxg6 18.g4 Ne4 19.Qg2 Qe7 20.a3  1/2-1/2

[Event "ch-GBR"]
[Site "Torquay ENG"]
[Date "2002.08.09"]
[Round "11"]
[White "Rowson,J"]
[Black "Kunte,A"]
[Result "0-1"]
[WhiteElo "2545"]
[BlackElo "2477"]

1.d4 Nf6 2.Bg5 d5 3.e3 e6 4.Nd2 Be7 5.Bd3 b6 6.Bxf6 Bxf6 7.f4 c5 8.c3 cxd4
9.exd4 Qd6 10.Nh3 O-O 11.Qe2 a5 12.O-O Ba6 13.Bxa6 Nxa6 14.a4 Nc7 15.Nf3 Bd8
16.Ne5 g6 17.g4 f6 18.Nd3 Ne8 19.Nhf2 Ng7 20.Nd1 Bc7 21.Ne3 Rae8 22.Qg2 Kh8
23.Rf3 Qd7 24.Rh3 f5 25.gxf5 Nxf5 26.Ng4 Qg7 27.Re1 Kg8 28.Nde5 Bd8 29.Nf3 Qc7
30.Ng5 Qxf4 31.Nxh7 Nh4 32.Rxh4 Bxh4 33.Nxf8 Rxf8 34.Rd1 Kg7 35.Qe2 Rf5 36.Rd3 Qc1+
37.Kg2 Qg5 38.h3 Rf2+ 39.Qxf2 Bxf2 40.Kxf2 Qc1 41.Kf3 Qxb2 42.Kf4 b5 43.Ke5 bxa4
44.Kxe6 a3 45.Rf3 Qb6+ 46.Ke7 Qb7+  0-1

[Event "ADCF Masters"]
[Site "Abu Dhabi UAE"]
[Date "2002.08.13"]
[Round "2"]
[White "Mulla Jumma,T"]
[Black "Khalid AlShaali"]
[Result "0-1"]
[WhiteElo "2053"]
[BlackElo "2197"]

1.d4 Nf6 2.Bg5 g6 3.Bxf6 exf6 4.c4 Bg7 5.Nc3 f5 6.e3 O-O 7.Bd3 Re8 8.Nge2 b6
9.O-O Bb7 10.Nf4 d6 11.Rc1 Nd7 12.Be2 Nf6 13.Bf3 Ne4 14.Nxe4 fxe4 15.Be2 c5
16.Qd2 cxd4 17.exd4 Bh6 18.Rc2 Qg5 19.Nd5 Qxd2 20.Nf6+ Kg7 21.Nxe8+ Rxe8  0-1

[Event "Ron Banwell"]
[Site "Coulsdon ENG"]
[Date "2002.08.19"]
[Round "3"]
[White "Bigg,A"]
[Black "Summerscale,A"]
[Result "0-1"]
[WhiteElo "2248"]
[BlackElo "2509"]

1.d4 Nf6 2.Bg5 d5 3.Bxf6 gxf6 4.c4 c5 5.e3 cxd4 6.exd4 Nc6 7.Nc3 dxc4 8.d5 Ne5
9.Bxc4 Nxc4 10.Qa4+ Bd7 11.Qxc4 Rc8 12.Qd3 Qb6 13.Nge2 Bg7 14.O-O O-O 15.Qe3 Qxe3
16.fxe3 Bh6 17.Nf4 b5 18.d6 exd6 19.Ncd5 Kh8 20.Nxf6 Be6 21.Rad1 Rc2 22.Rf2 Rfc8
23.b3 Rxf2 24.Kxf2 Bxf4 25.exf4 Rc2+ 26.Kf3 Rxa2 27.Rxd6 Kg7 28.Ne8+ Kf8
29.Nc7 Bxb3 30.f5 Ke7 31.Nxb5 f6 32.Rd4 Ra5 33.Rb4 Bd5+ 34.Kg3 Bc6 35.Nd4 Ra3+
36.Nf3 Bd7 37.Kf4 Ra4 38.Rxa4 Bxa4 39.g4 a5 40.g5 Bd1 41.Nd4 a4 42.Nb5 Be2
43.Na3 fxg5+ 44.Kxg5 Bd3  0-1

[Event "Botvinnik Mem B"]
[Site "Elista RUS"]
[Date "2002.08.19"]
[Round "3"]
[White "Kremenietsky,An"]
[Black "Litvinov,Vl"]
[Result "1/2-1/2"]
[WhiteElo "2375"]
[BlackElo "2390"]

1.d4 d5 2.Bg5 Nf6 3.Bxf6 exf6 4.e3 Bd6 5.c4 dxc4 6.Bxc4 O-O 7.Nc3 c5 8.dxc5 Be5
9.Qxd8 Bxc3+ 10.Qd2 Bxd2+ 11.Kxd2 Nd7 12.Rc1 Rd8 13.Ke2 Nxc5 14.Nf3 b6 15.Nd4 Bb7
16.b4 Nd7 17.f3 a5 18.a3 axb4 19.axb4 Ra4 20.Rb1 Ne5 21.Bb3 Ra3 22.Rhd1 g6
23.b5 Rc8 24.Rbc1 Nd7 25.Nc6 Bxc6 26.Rxc6 Rf8 27.Rxd7 Rxb3 28.Rxb6 Ra8 29.Ra6 Rc8
30.Rc6 Re8 31.b6 Rexe3+ 32.Kf2 Re8 33.b7 Rb2+ 34.Kg3 Kg7 35.Rcc7 Rf8 36.h4 g5
37.h5 Kh6 38.Rc6 Kg7 39.Rcc7 f5 40.Rd5 f4+ 41.Kg4 Rxg2+ 42.Kf5 Rb2 43.h6+ Kxh6
44.Rc8 Kg7 45.Rxf8 Rxb7 46.Rfd8 h6 47.R8d7 Rb3 48.Rd3 Rb5+ 49.Ke4 Kg6 50.R7d6+ f6
51.Ra6 Re5+ 52.Kd4 h5 53.Rc3 g4 54.Rcc6 Rf5 55.Rc8 Kg5 56.Rg8+ Kh4 57.fxg4 hxg4
58.Ra1 Rg5 59.Rxg5 fxg5 60.Kd3 Kg3 61.Ra2 Kf3 62.Ra5 g3 63.Rxg5  1/2-1/2

[Event "Ciuc Premium A2"]
[Site "Miercurea Ciuc ROM"]
[Date "2002.08.20"]
[Round "2"]
[White "Bauer,D"]
[Black "Luber,R"]
[Result "1/2-1/2"]
[WhiteElo "2008"]
[BlackElo "2040"]

1.d4 d5 2.Bg5 Nf6 3.Bxf6 exf6 4.e3 g6 5.g3 Bg7 6.Bg2 c6 7.Ne2 O-O 8.O-O Be6
9.Nd2 Nd7 10.b3 Nb6 11.Rc1 Qe7 12.c4 f5 13.Nf4 Rad8 14.c5 Nd7 15.b4 a6 16.a4 Ra8
17.Qb3 Qd8 18.Rc2 Qc7 19.Ra1 Rfb8 20.Rca2 b6 21.Qc2 Ra7 22.Bf1 a5 23.cxb6 Qxb6
24.bxa5 Rxa5 25.Rb1 Qc7 26.Rxb8+ Nxb8 27.Nb3 Ra7 28.Nc5 Bc8 29.Nfd3 Ba6 30.Nb4 Bxf1
31.Kxf1 Bf8 32.Kg2 Bxc5 33.Qxc5 Na6 34.Nxa6 Rxa6 35.Rc2 Qb7 36.Qd6 Rb6 37.Rc5 Qa6
38.Rc1 Qb7 39.Qc5 Ra6 40.Qd6 Qa8 41.Qd7 Rb6 42.Qc7 Qa6 43.Rc2 Qxa4  1/2-1/2

[Event "Ciuc Premium A1"]
[Site "Miercurea Ciuc ROM"]
[Date "2002.08.20"]
[Round "3"]
[White "Wilhelm,S"]
[Black "Cirjan,D"]
[Result "1/2-1/2"]
[WhiteElo "2171"]
[BlackElo "2051"]

1.d4 Nf6 2.Bg5 d5 3.Bxf6 exf6 4.e3 g6 5.Bd3 Bg7 6.Qf3 f5 7.Ne2 c6 8.Nf4 Nd7
9.c4 dxc4 10.Bxc4 Qe7 11.Nc3 Nf6 12.O-O Ne4 13.Qe2 O-O 14.Rfd1 Bd7 15.Rab1 Rfe8
16.Qc2 Rad8 17.Nxe4 fxe4 18.b4 b5 19.Bb3 g5 20.Ne2 h5 21.Rdc1 Bf6 22.a4 a6
23.Nc3 Rc8 24.Qa2 Kg7 25.Ne2 h4 26.Bd1 Be6 27.Bb3 Bd7 28.Rb2 h3 29.g3 Kg6
30.Qb1 Kg7 31.Rc5 Qf8 32.Bc2 Be7 33.Re5 f5 34.axb5 axb5 35.Kf1 Red8 36.Ng1 Bd6
37.Nxh3 Bxe5 38.dxe5 Qe7 39.Ng1 Ra8 40.Ne2 Qxe5 41.Ra2 Be6 42.Rxa8 Rxa8 43.Nd4 Bc4+
44.Kg2 Bd5 45.h4 gxh4 46.Qh1 hxg3 47.fxg3 Rg8 48.Qh5 Kf6 49.Qh6+ Ke7 50.Qh7+ Kf6
51.Qh4+ Kf7 52.Bd1 Rh8 53.Bh5+ Kf8 54.Qd8+ Kg7 55.Qg5+ Kf8  1/2-1/2

[Event "Hot Summer IM"]
[Site "Tel Aviv ISR"]
[Date "2002.08.22"]
[Round "1"]
[White "Neiman,E"]
[Black "Haimovich,T"]
[Result "1/2-1/2"]
[WhiteElo "2292"]
[BlackElo "2339"]

1.d4 d5 2.Bg5 Nf6 3.e3 Ne4 4.Bf4 c5 5.Bd3 Nf6 6.dxc5 Qa5+ 7.c3 Qxc5 8.Na3 Nc6
9.Nf3 Bg4 10.Qa4 Bxf3 11.gxf3 Rc8 12.Be5 a6 13.f4 Nd7 14.Rg1 Ncxe5 15.fxe5 e6
16.Nc2  1/2-1/2

[Event "11th Open"]
[Site "Apolda GER"]
[Date "2002.08.23"]
[Round "3"]
[White "Teumer,J"]
[Black "Paehtz,T"]
[Result "0-1"]
[WhiteElo "2151"]
[BlackElo "2455"]

1.d4 Nf6 2.Bg5 c5 3.Bxf6 gxf6 4.d5 Qb6 5.Qc1 f5 6.e3 Bg7 7.c3 Na6 8.Na3 Nc7
9.Nc4 Qf6 10.Qd2 b5 11.d6 Ne6 12.Na3 b4 13.Nc4 bxc3 14.bxc3 Qxc3 15.Rc1 Qxd2+
16.Kxd2 f4 17.Nf3 fxe3+ 18.fxe3 Bf6 19.e4 Rb8 20.e5 Bg7 21.Kc2 Ba6 22.dxe7 Bxc4
23.Bxc4 Kxe7 24.Rb1 f6 25.exf6+ Bxf6 26.Rhe1 h5 27.Bxe6 Rxb1 28.Kxb1 dxe6
29.Kc2 Rg8 30.Re2 Rg4 31.g3 Ra4 32.Kd3 Kd6 33.Nd2 Kd5 34.Nb1 c4+ 35.Ke3 Bd4+
36.Kf3 c3 37.Rc2 Rc4 38.Ke2 e5 39.Rc1 Rc6 40.Kd3 e4+ 41.Kc2 Kc4 42.Re1 Ra6
43.Nxc3 Bxc3 44.Rxe4+ Bd4  0-1

[Event "Saraybahce GP"]
[Site "Kocaeli TUR"]
[Date "2002.08.23"]
[Round "7"]
[White "Gelashvili,T"]
[Black "Erturan,Y"]
[Result "1-0"]
[WhiteElo "2551"]
[BlackElo "2277"]

1.d4 d5 2.Bg5 Nf6 3.Nd2 h6 4.Bh4 g5 5.Bg3 Bg7 6.e3 Bf5 7.Ngf3 Nbd7 8.Ne5 Ne4
9.Nxe4 dxe4 10.Nc4 O-O 11.Be2 b5 12.Na5 c5 13.Nc6 Qe8 14.Bxb5 a6 15.Be2 Rc8
16.Na5 cxd4 17.exd4 Bg6 18.Nb3 f5 19.Bxa6 f4 20.Bxc8 Qxc8 21.O-O fxg3 22.hxg3 Nf6
23.c3 Bh5 24.Qc2 Bf3 25.Nd2 Qg4 26.gxf3 exf3 27.Nxf3 Qxf3 28.Rae1 Qh5 29.Qe2 g4
30.Qe5 Qh3 31.Qe6+ Kh8 32.Qc6 Nh7 33.Qh1 Qxh1+ 34.Kxh1 Ng5 35.Rxe7 Nf3 36.Kg2 Ra8
37.a3 Rb8 38.Re2 Kg8 39.a4 Kf7 40.a5 Rb5 41.b4 Rb8 42.a6  1-0

[Event "Open"]
[Site "Nikea GRE"]
[Date "2002.08.24"]
[Round "6"]
[White "Gogolis,A"]
[Black "Himaras,S"]
[Result "1-0"]
[WhiteElo "2237"]
[BlackElo "2129"]

1.d4 Nf6 2.Bg5 d5 3.e3 Ne4 4.Bh4 c6 5.c3 Qb6 6.Qb3 Bf5 7.Nf3 Nd7 8.Nbd2 e6
9.Nxe4 Bxe4 10.Nd2 Bg6 11.Be2 Rc8 12.O-O Bd6 13.Rac1 O-O 14.Bg3 Bxg3 15.hxg3 e5
16.Bg4 f5 17.Bf3 Qxb3 18.axb3 exd4 19.exd4 Nf6 20.Ra1 a6 21.b4 Bh5 22.Nb3 Bxf3
23.gxf3 Nd7 24.Rfe1 Kf7 25.f4 Rfe8 26.Nc5 Nxc5 27.bxc5 Rxe1+ 28.Rxe1 Ra8
29.Kf1 a5 30.Ra1 a4 31.Ke2 Kf6 32.Ra3 g5 33.fxg5+ Kxg5 34.Kf3 Ra5 35.b3 axb3
36.Rxb3 Rb5 37.Ra3 Rb2 38.Ra8 Rc2 39.Rg8+ Kf6 40.Rf8+ Kg6 41.Rg8+ Kf6 42.Rf8+ Kg6
43.Rb8 Rxc3+ 44.Kf4 Rd3 45.Ke5 Rd2 46.Rxb7 Rxf2 47.Rb6 Re2+ 48.Kd6 Re4 49.Rxc6 Re3
50.Kxd5+ Kg5 51.Rc8 Rxg3 52.Rg8+  1-0

[Event "Open"]
[Site "Nikea GRE"]
[Date "2002.08.26"]
[Round "8"]
[White "Gogolis,A"]
[Black "Stoumbos,K"]
[Result "1-0"]
[WhiteElo "2237"]
[BlackElo "2144"]

1.d4 Nf6 2.Bg5 c5 3.Bxf6 gxf6 4.dxc5 e6 5.e3 Bxc5 6.Nd2 d5 7.c3 Bd7 8.Nb3 Be7
9.Nf3 a5 10.a4 Qb6 11.Be2 Nc6 12.Bb5 O-O 13.O-O Kh8 14.Qe2 Rg8 15.Rfd1 Rg4
16.Rd2 Rag8 17.g3 Be8 18.Nbd4 f5 19.Kf1 Bf6 20.Nc2 Re4 21.Nce1 Rgg4 22.Nd4 f4
23.Qxg4 fxe3 24.Qf3 Bxd4 25.Rxd4 Nxd4 26.Qf6+ Kg8 27.Bxe8  1-0

[Event "Banc-Post A2"]
[Site "Miercurea Ciuc ROM"]
[Date "2002.08.29"]
[Round "5"]
[White "Wilhelm,S"]
[Black "Todoran,I"]
[Result "1-0"]
[WhiteElo "2171"]
[BlackElo "2080"]

1.d4 Nf6 2.Bg5 c5 3.Bxf6 gxf6 4.d5 Qb6 5.Qc1 e6 6.c4 Bg7 7.Nc3 f5 8.e3 d6
9.Nge2 Nd7 10.Nf4 Ne5 11.Qd2 Bd7 12.Nh5 Bh6 13.f4 Ng6 14.Nf6+ Ke7 15.dxe6 Qc6
16.Ncd5+ Kxe6 17.g4 fxg4 18.f5+ Kxf5 19.Bd3+ Ke6 20.Qf2 Nf4 21.exf4 Rhe8
22.Qe3+  1-0